Measure What Matters (Record no. 369843)

MARC details
000 -LEADER
fixed length control field 00468nam a2200157 4500
005 - DATE AND TIME OF LATEST TRANSACTION
control field 20260116152410.0
008 - FIXED-LENGTH DATA ELEMENTS--GENERAL INFORMATION
fixed length control field 260109b |||||||| |||| 00| 0 eng d
020 ## - INTERNATIONAL STANDARD BOOK NUMBER
International Standard Book Number 978-0-241-34848-2
082 ## - DEWEY DECIMAL CLASSIFICATION NUMBER
Classification number X 658.4012 DOE
Item number B12160
100 ## - MAIN ENTRY--PERSONAL NAME
Author Doerr, John
245 ## - TITLE STATEMENT
Title Measure What Matters
Remainder of title :OKRs The Simple Idea That Drives 10x Growth
260 ## - PUBLICATION, DISTRIBUTION, ETC.
Place of publication, distribution, etc. New Delhi
Name of publisher, distributor, etc. Penguin Random House
Date of publication, distribution, etc. 2018
300 ## - PHYSICAL DESCRIPTION
Extent xiii,306p.
Other physical details pb
365 ## - TRADE PRICE
Price type code Rupaye
Price amount 618
Currency code INR
942 ## - ADDED ENTRY ELEMENTS (KOHA)
Koha item type Books
Holdings
Withdrawn status Lost status Source of classification or shelving scheme Damaged status Not for loan Collection code Home library Current library Date acquired Vendor Net Price Bill number Total Checkouts Full call number Barcode Date last seen Discount Actual Price Bill Date Koha item type Original Barcode
    Dewey Decimal Classification     Non-fiction Smt. Bakul Tambat Institute of Nursing Education Smt. Bakul Tambat Institute of Nursing Education 30/12/2025 Amazon(online) 171-7297983-2534761 593.28 XIA4-103659   X 658.4012 DOE B12160 BTIN-BK-12160 09/01/2026 24.72 618.00 02/12/2025 Books BTIN-BK-12160